000 01262cam a22002891i 4500
003 SA-RiAUC
005 20251020073700.0
008 251014s1985 le g 000 0 ara c
040 _aSD-OmOIU
_bara
_cSA-RiAUC.
_erda
050 4 _bA28 1985
082 0 4 _a236.2
_qSA-RiAUC
090 _a236.2
_bع ل ي
100 1 _aعلي القاري، علي بن محمد الهروي،
_cالملا،
_dتوفي 1014 هجري
_eمؤلف.
245 1 0 _aشرح مسند أبي حنيفة /
_cشرح الملا علي بن محمد الهروي.
250 _aالطبعة الأولى.
264 1 _aبيروت :
_bدار الكتب العلمية،
_c1985
300 _a619 صفحة ؛
_c24 سم
336 _aنص
_btxt
_2rdacontent
_3كتاب
337 _aبدون وسيط
_bn
_2rdamedia
338 _aمجلد
_bnc
_2rdacarrier
650 7 _aالحديث
_xشرح
_2aucsh
650 7 _aالحديث
_xمسند أبي حنيفة
_2aucsh
650 7 _aالحديث
_xكتب أئمة الفقه الأربعة
_2aucsh
700 1 2 _iشرح لـ :
_aأبو حنيفة، النعمان بن ثابت التيمي،
_d80-150 هجري.
_tمسند الإمام أبي حنيفة النعمان
942 _2ddc
_cBOOK
_n0
949 _aSA-JeALM
_d251014
_umohamedma123
_n1
999 _c12644
_d12644